000 00923nam a22002777a 4500
001 1799
005 20231002091425.0
020 _a068812260
040 _aDLC
_cDLC
_dDLC
050 0 0 _aPZ7.G481437
_bMy 1994
082 0 0 _a[E]
_220
100 1 _aGlassman, Peter
245 1 0 _aMy working Mom /
_cby Peter Glassman ; illustrated by Tedd Arnold.
260 _aNew York :
_bMorrow Junior Books,
_c1994.
300 _a32 unnumbered pages :
_bcolor illustrations ;
_c26 cm
505 _aM
520 _aAlthough she sometimes resents her mother's work as a witch, a young girl decides to keep her mother just the way she is.
521 _a690
_bLexile
521 _aM
_bRaz-Plus
650 1 _aWorking mothers
_xFiction.
650 1 _aMothers and daughters
_xFiction.
650 1 _aWitches
_xFiction.
700 1 _aArnold, Tedd,
_eillustrator
906 _a7
_bcbc
_corignew
_d1
_eocip
_f19
_gy-gencatlg
942 _2ddc
_cBK
_n0
999 _c1799
_d1799